| 000 | 00958cam a2200229 4500 | ||
|---|---|---|---|
| 001 | ABS65138 | ||
| 008 | 020228n2002 000 0 eng u | ||
| 035 | _a(Sirsi) u116891 | ||
| 100 | _aEnglish, C. | ||
| 245 | _aAlternative action | ||
| 260 | _c2002 | ||
| 490 |
_aSolicitors' Journal _v146(6) 15 February 2002, 136(1) |
||
| 520 | _aExamines the introduction of insurance policies that can protect homeowners against the costs of cleaning up contaminated land found on their property, costs not covered by household insurance policies. Further losses can be incurred after remediation due to consequent drop in house value. Various types of policy are looked at and potential problems pointed out. | ||
| 590 | _aABS | ||
| 650 | _aCONTAMINATED LAND | ||
| 650 |
_aContamination _96231 |
||
| 650 | _aENVIRONMENTAL PROTECTION ACT 1990 | ||
| 650 | _aINSURANCE POLICIES | ||
| 650 | _aREMEDIATION | ||
| 690 | _aENVIRONMENT-CONTAMINATION | ||
| 942 | _n0 | ||
| 999 |
_c69628 _d69628 |
||